000 00617nam a2200265Ia 4500
005 20260121164937.0
008 008 260114s9999 xx 000 0 eng d
020 _a9783540313915
037 _aEBOOK
040 _aCRL
040 _beng
040 _cCRL
041 _2eng
041 _aeng
084 _qCRL
100 _aHolger Schutkowski
_91045603
245 0 _aHuman Ecology
260 _bSpringer
260 _bSpringer
260 _c2006
856 _uhttps://link.springer.com/openurl?genre=book&isbn=978-3-540-31391-5
942 _cEBOOK
999 _c1611326
_d1611326